| 000 | 00926nam a2200217Ia 4500 | ||
|---|---|---|---|
| 005 | 20240530104802.0 | ||
| 008 | 140319s1989 xx 000 0 ara d | ||
| 040 |
_aGCL / _cGCL |
||
| 082 | 0 | 4 |
_a515.38 / _bع ك |
| 100 | 1 | _aعبداللطيف ابوالسعود | |
| 245 | 1 | 0 |
_aالكمبيوتر ومحاكاة العمليات الكيميائية : _bالكتاب الثانى حل المعادلات التفاضلية / _cعبداللطيف ابوالسعود |
| 260 |
_aبيروت : _bدار الراتب الجامعية، _c1989 |
||
| 300 |
_a84 ص؛ _b24 سم |
||
| 650 | 0 | 4 | _aالتفاضل والتكامل |
| 650 | 0 | 4 | _aالحاسبات الالكترونية |
| 650 | 0 | 4 | _aالمعادلات التفاضلية |
| 650 | 0 | 4 | _aالهندسة التفاضلية والتكاملية |
| 650 | 0 | 4 | _aالمعادلات الكيميائية |
| 942 |
_2ddc _cBK |
||
| 999 |
_c50628 _d50628 |
||